书目信息 |
| 题名: |
分配管理学
|
|
| 作者: | 张玉周 编著 | |
| 分册: | ||
| 出版信息: | 北京 中国人民大学出版社 2003 |
|
| 页数: | 309 | |
| 开本: | 23cm | |
| 丛书名: | 21世纪财务管理系列教材 | |
| 单 册: | ||
| 中图分类: | F275.4 | |
| 科图分类: | ||
| 主题词: | 企业经济 | |
| 电子资源: | ||
| ISBN: | 7-300-04473-5 | |
| 000 | 00602nam0 2200205 450 | |
| 001 | 0753815641 | |
| 005 | 20070930145655.64 | |
| 010 | @a7-300-04473-5@d¥21.00 | |
| 100 | @a20070930d km y0chiy0120 ea | |
| 101 | 0 | @achi |
| 200 | 1 | @a分配管理学@Afen pei guan li xue@f张玉周编著@Fzhang yu zhou bian zhu |
| 210 | @a北京@c中国人民大学出版社@d2003 | |
| 215 | @a309@d23cm | |
| 225 | 2 | @a21世纪财务管理系列教材 |
| 410 | 0 | @12001 @a21世纪财务管理系列教材 |
| 606 | 0 | @a企业经济 |
| 690 | @aF275.4@v3 | |
| 701 | 0 | @a张玉周@Azhang yu zhou@4编著 |
| 801 | 0 | @aCN@bPFT@c20070930 |
| 905 | @a213230@dF275.4@eg329@f1 | |
| 分配管理学/张玉周编著.-北京:中国人民大学出版社,2003 |
| 309;23cm.-(21世纪财务管理系列教材) |
| ISBN 7-300-04473-5:¥21.00 |
| ● |
| 相关链接 |
|
|
|
|
正题名:分配管理学
索取号:F275.4/g329
 
预约/预借
| 序号 | 登录号 | 条形码 | 馆藏地/架位号 | 状态 | 备注 |
| 1 | 6504204 | 265042045 | 密集书库-海洋学院/ [索取号:F275.4/g329] | 在馆 |